[Event "Brasschaat op 06th"]
[Site "Brasschaat"]
[Date "2006.08.24"]
[Round "6"]
[White "Van den Brande, Werner"]
[Black "Todts, Benny"]
[Result "1-0"]
[WhiteElo "2226"]
[BlackElo "1983"]
[PlyCount "43"]
[EventDate "2006.08.19"]
[EventType "swiss"]
[EventRounds "9"]
[EventCountry "BEL"]
[SourceTitle "CBM 113 Extra"]
[Source "ChessBase"]
[SourceDate "2006.09.14"]
[SourceVersion "1"]
[SourceVersionDate "2006.09.14"]
[SourceQuality "1"]

1. e4 e6 2. d4 d5 3. Nd2 Nf6 4. e5 Nfd7 5. c3 c5 6. Bd3 Nc6 7. Ngf3 cxd4 8. cxd4 Qb6 9. 0-0 Nxd4 10. Nxd4 Qxd4 11. Nf3 Qb6 12. Qa4 Qb4 13. Qc2 Qg4 14. Bd2 Be7 15. Rac1 b6 16. h3 Qh5 17. Qa4 0-0 18. Rxc8 Rfxc8 19. Qxd7 Bf8 20. Kh2 f6 21. exf6 Qf7 22. Bxh7+ 1-0